Quizzes
Events
Quiz Creation
Community
Videos
Private Events
Remove Ads
Sign In
Join for FREE
Feedback
Dark Mode
Quiz Categories
Sports
Geography
Music
Movies
Television
Just For Fun
Miscellaneous
History
Literature
Language
Science
Gaming
Entertainment
Religion
Holiday
For Kids
Quiz Lab
Recent
Popular Today
Quiz Kudos Today
Editor Picks
Curator Picks
Quizzes by...
Day
Popularity
Type
Ratings
Length
Year
Community
Subscriptions
Recent Discussions
Orange Saloon
Badges
Playlists
Quests
Create
Leaderboards
Showdown
Live 5
Trivia Bingo
Activity
Puzzle Library
Sporcle Events
Private Events
Virtual Trivia
Globe League
Become a Host
Pub Owners
SporcleCon
Opinionation
Our Games
Videos
Blog
Mobile Apps
Partnerships
Remove Ads and Go Orange
Feedback
Movies
Disney
Marvel Cinematic Universe
Movie Resume
Movie Titles
Oscar
Actor
Actress
Director
Pixar
Role
Movie Quotes
Movie Characters
Box Office
Nominee
Best Picture
Star Wars
James Bond
Horror Movies
Movies
Disney
Marvel Cinematic Universe
Movie Resume
Movie Titles
Oscar
Actor
Actress
Director
Pixar
Role
Movie Quotes
Movie Characters
Box Office
Nominee
Best Picture
Star Wars
James Bond
Horror Movies
Random Quiz
Search Sporcle
×
Quiz Lab
Quiz Lab
Movies
Best Picture
Type in answers that appear in a list
Type in answers that appear in a list
Classic
Best Score? Go Orange.
Alphabetical Best Picture Nominees 1970s Stats
Can you name the films nominated for Best Picture from 1970 to 1979?
By
movielover94
13m
50 Questions
301 Plays
301 Plays
301 Plays
Comments
Comments
Give Quiz Kudos
Give Quiz Kudos
-
- Ratings
hide this ad
Forced Order
Answers have to be entered in order
Answers have to be entered in order
Replay
Link that replays current quiz
Next Quiz
Link to next quiz in quiz playlist
You Got
0%
They Got
Avg Score
80%
Avg Friend Score
Upgrade to see
Score Distribution
Jump to the score distribution portion of the page
Score
0/50
Timer
13:00
0
Plays Today
Nominated Films
% Correct
Annie Hall
94.7%
The Godfather
94%
The Godfather Part II
94%
Cabaret
93%
Apocalypse Now
93%
All the President's Men
91.4%
The Deer Hunter
91%
The French Connection
90.7%
Kramer vs. Kramer
89%
One Flew Over the Cuckoo's Nest
88.4%
Chinatown
88%
Patton
87.7%
Rocky
87%
Jaws
86.7%
All That Jazz
86.4%
Coming Home
85.4%
The Sting
85%
American Graffiti
84.7%
Star Wars Episode IV: A New Hope
84.7%
Airport
84.4%
Five Easy Pieces
84.4%
Network
84.4%
Barry Lyndon
84.1%
Dog Day Afternoon
84.1%
The Conversation
83.7%
Nominated Films
% Correct
Taxi Driver
83.7%
The Exorcist
83.1%
M*A*S*H
82.1%
Nashville
82.1%
Julia
81.1%
A Clockwork Orange
80.4%
Deliverance
78.4%
The Goodbye Girl
78.4%
Breaking Away
78.4%
Love Story
75.7%
The Last Picture Show
75.1%
Lenny
74.8%
The Turning Point
74.4%
Norma Rae
72.8%
Bound for Glory
71.1%
Fiddler on the Roof
69.8%
Cries and Whispers
69.8%
The Towering Inferno
69.8%
An Unmarried Woman
67.8%
Nicholas and Alexandra
67.1%
The Emigrants
67.1%
Heaven Can Wait
67.1%
Sounder
66.8%
Midnight Express
66.1%
A Touch of Class
63.1%
Quiz Playlist
Details
Report
Send in Message
Add To Playlist
Classic:
Type in answers that appear in a list
Forced Order:
Answers have to be entered in order
Last Updated: Feb 16, 2017
Quiz Scoreboard
CHALLENGE
Sign Up to Join the Scoreboard
Show All
Scores
Hide
Comments
May contain spoilers
Recently Published
Movies - When Are They Set?
by FPL_Elf
Movies
5m
Popular People in 1961
by mucciniale
History
6m
1-10 Letter E Words III
by El_Dandy
Language
2m
More to Explore
Quiz From the Vault
Featured Blog Post
Where Did the Easter Bunny Come From?
hide this ad
You Might Also Like...
Tags
Best Picture Quiz
Nominee Quiz
1970s
1979
Alphabetical
Image Quiz
nomination
Today's Top Quizzes in Movies
Browse Movies
hide this ad
Today's Top Quizzes in Best Picture
Browse Best Picture
Top Contributed Quizzes in Movies
1
Pick 5 Posters: Directed by Spielberg
2
Multi-Oscar Nominations, One Movie, One Winner
3
One Thing in Common: Movies
4
12 Movies about Fictional 1960s Events
5
One Thing in Common: Movies II
6
Sunday Crossword: Film Score Composers
7
Three Word 'H' Movies Match Up
8
Three Word 'T' Movies Match Up
9
One Thing in Common: Oscars
10
Three Word 'M' Movies Match Up
Explore More
Trending Topics
Kpop
Marvel
NBA
Anime
Harry Potter
Crossword
Disney
Song
NFL
WWE
Soccer
Puzzle
Country
Pokémon
The Office
hide this ad
More By:
movielover94
Quiz
Plays
Rating
Category
Featured
Created
Vowel-less Song Titles
131,574
4.28
Music
Dec 13, 2009
Almost Useless Movie Trivia IX
119,961
4.69
Movies
Oct 4, 2009
Billboard Songs of the Decade
115,607
3.85
Music
Dec 11, 2009
Films by Characters in Other Films II
108,655
4.30
Movies
Jan 21, 2010
Celebrity Before and After II
93,433
4.07
Entertainment
Nov 3, 2009
Go to Creator's Profile
Score Distribution
Quiz Creator Spotlight
movielover94
Follow
Send a Message
Quizzes Created
-
Created Quiz Play Count
-
More By This Creator
Popular Quizzes Today
1
Find the Countries of Europe - No Outlines Minefield
2
Find the US States - No Outlines Minefield
3
The Countries of the World
4
Popular People in 1961
5
US States
6
1-10 Letter E Words III
7
Find the US States
8
One Thing in Common: World Cities II
More Movies Quizzes
Oscar Nominated Screenplays - 1976
Quiz Lab
Trending Quizzes
Risky Map Clicking: Least Populous States A-Z
1-10 Letter F Words
1-10 Letter G Words
One Thing in Common: United Kingdom
Risky Map Clicking: Next State Alphabetically
Recently Updated
Leaping Animals
pecheneg
Reality TV Shows (A-Z)
bhenderson79
Rickey Henderson's Hall of Fame Teammates
pecheneg
Champions League XIs: Arsenal
pecheneg
Quick Pick: Celebrities in WWE's Hall of Fame
aduchscher
A-Z Keypad Blitz II
pecheneg
Multiple Oscar Actors
pecheneg
Mystery Phrase Blitz: Oscar 'Best Actors'
pecheneg
F. Scott Fitzgerald Novels
LTH
Pick 3 Villains
ddd62291
Trending Topics
Anime
Crossword
Kpop
NBA
Disney
Marvel
Harry Potter
Pokémon
Song
The Office
Country
NFL
WWE
Soccer
Puzzle
Your Account Isn't Verified!
In order to create a playlist on Sporcle, you need to verify the email address you used during registration. Go to your
Sporcle Settings
to finish the process.
Report this User
Report this user for behavior that violates our
Community Guidelines
.
Details:
Send Report
Go to the Sporcle.com Mobile Site →
Comments